BIOLOGY : a global approach
Gardado en:
| Autor Principal: | |
|---|---|
| Formato: | Libro |
| Idioma: | inglés |
| Publicado: |
Pearson
2018
|
| Tags: |
Engadir etiqueta
Sen Etiquetas, Sexa o primeiro en etiquetar este rexistro!
|
MARC
| LEADER | 00000nam a22000007a 4500 | ||
|---|---|---|---|
| 008 | 201207b ||||| |||| 00| 0 eng d | ||
| 020 | |a 978-1-292-17043-5 | ||
| 100 | |a Neil A. Campbell | ||
| 245 | |a BIOLOGY |b : a global approach |g 1342p | ||
| 250 | |b 11th ed | ||
| 260 | |b Pearson |c 2018 |d BOOK |h New York |i 691231 – Sci |i 691232 |l 691232 |m Biology. | ||
| 500 | |a “It includes index”. | ||
| 942 | |a lcc |c BK |e Olagoke,M.A |f 07/12/2020 | ||
| 952 | |0 0 |1 0 |2 lcc |4 0 |6 QH03082 B52 |7 0 |9 1290 |a HOL |b SL |c QZ |d 2021-01-20 |l 0 |o QH308.2 .B52 |p 2021-0103 |r 2021-01-20 00:00:00 |w 2021-01-20 |y BK | ||
| 952 | |0 0 |1 0 |2 lcc |4 0 |6 QH03082 B52 |7 0 |9 1319 |a HOL |b HOL |d 2021-01-20 |l 0 |o QH308.2 .B52 |p 2021-0132 |r 2021-01-20 00:00:00 |w 2021-01-20 |y BK | ||
| 999 | |c 46 |d 46 | ||